00506nam a2200145Ia 4500003000900000008004100009040001600050080001600066245014800082260002800230300001600258650003700274650001800311700003100329IN-BaIIA211028s9999 xx 000 0 eng d cIIA Library a(035)5bHER 2aA manual of scientific enquirybprepared for the use of officers in Her Majesty's navy and travellers in generalcedited by John F. W. Herschel aLondonbJ. Murrayc1859 axvi, 392 p. aEarth and Environmental Sciences aEarth science aHerschel, John F. W., ed.